=LDR 00000nam 2200000 4500 =001 INLIS000000000020587 =005 20130612115534 =008 ***********************************Ind** =035 ##$$0010-061300000020587 =041 ##$$a Ind =082 ##$$a 920.1 =090 ##$$a 920.1, Mag m =100 ##$$a Magee, Bryan =245 ##$$a Memoar seorang filosof, Pengembaraan di belantara filsafat, Bryan Magee ; penerjemah, Eko Prasetyo =260 ##$$a 2005 $b Bandung =300 ##$$a xxii, 784 hlm, 21 cm =650 ##$$a Autobiografi Filsafat =700 ##$$a Pratsetyo, Eko =850 ##$$a NBPNMAT